A2 Croatia (Macelj - Zagreb) - Statistics

General Stats
  • This quiz has been taken 14 times
  • The average score is 11 of 18
Answer Stats
Hint Answer % Correct
5. Zabok Zabok
100%
2. Đurmanec Đurmanec
92%
3. Krapina Krapina
92%
6. Zaprešić Zaprešić
92%
1. Trakošćan Trakošćan
83%
3. Krapina Krapinske Toplice
67%
1. Trakošćan Varaždin
67%
4. Sveti Križ Začertje Varaždin
67%
1. Trakošćan Ivanec
50%
4. Sveti Križ Začertje Ivanec
50%
5. Zabok Klanjec
50%
3. Krapina Pregrada
50%
4. Sveti Križ Začertje Sveti Križ Začertje
50%
5. Zabok Oroslavje
42%
2. Đurmanec Hum na Sutli
33%
6. Zaprešić Pojatno
33%
6. Zaprešić Bistra
25%
2. Đurmanec Celje (SLO)
25%
No matching quizzes found
Score Distribution
Percent of People with Each Score
Percentile by Number Answered
Your Score History
You have not taken this quiz